El cuento que desafía. Las narradoras costarricenses y el gesto de ruptura
Saved in:
| Main Author: | |
|---|---|
| Format: | Unknown |
| Published: |
Roma, Italia:
Universita Cattolica del Sacro Cuore,
|
| Tags: |
Add Tag
No Tags, Be the first to tag this record!
|
MARC
| LEADER | 000000000a22000000004500 | ||
|---|---|---|---|
| 001 | 001722 | ||
| 022 | |a 20351496 | ||
| 041 | 0 | |a Español | |
| 092 | 0 | |a Centroamericana | |
| 100 | 1 | |a Zavala, Magda | |
| 245 | 1 | 3 | |a El cuento que desafía. Las narradoras costarricenses y el gesto de ruptura |
| 260 | |a Roma, Italia: |b Universita Cattolica del Sacro Cuore, | ||
| 310 | |a anual | ||
| 773 | 0 | |t Centroamericana | |
| 773 | 0 | |g número 16 (2009) | |
| 773 | 0 | |g 1990- | |
| 773 | 0 | |g 95-117 páginas | |
| 999 | |c 2013 |d 2013 | ||
